Taylor Swift songs starting with "The" - Statistics

General Stats
  • This quiz has been taken 119 times
    32 since last reset
  • The average score is 21 of 27
Answer Stats
Hint Answer % Correct
Lover The Archer
96%
Lover The Man
96%
THE TORTURED POETS DEPARTMENT The Alchemy
88%
The Life of a Showgirl The Life of a Showgirl
88%
THE TORTURED POETS DEPARTMENT The Smallest Man Who Ever Lived
88%
THE TORTURED POETS DEPARTMENT The Tortured Poets Department
88%
folklore the 1
85%
THE TORTURED POETS DEPARTMENT The Albatross
85%
folklore the last great american dynasty
85%
THE TORTURED POETS DEPARTMENT The Manuscript
85%
THE TORTURED POETS DEPARTMENT The Bolter
81%
folklore the lakes
81%
Red (Taylor's Version) The Last Time
81%
THE TORTURED POETS DEPARTMENT The Black Dog
77%
The Life of a Showgirl The Fate of Ophelia
77%
Taylor Swift The Outside
77%
THE TORTURED POETS DEPARTMENT The Prophecy
77%
Midnights The Great War
73%
Red (Taylor's Version) The Lucky One
73%
Fearless (Taylor's Version) The Other Side Of The Door
69%
Speak Now (Taylor's Version) The Story Of Us
69%
Red (Taylor's Version) The Very First Night
69%
Red (Taylor's Version) The Moment I Knew
65%
Fearless (Taylor's Version) The Way I Loved You
65%
Fearless (Taylor's Version) The Best Day
58%
singles/collabs The Joker And The Queen
58%
singles/collabs The Alcott
46%
No matching quizzes found
Score Distribution
Percent of People with Each Score
Percentile by Number Answered
Your Score History
You have not taken this quiz since the last reset